Normal view
MARC view
- Artists’ preparatory studies
Entry Topical Term
001 - CONTROL NUMBER
- control field: 37935
003 - CONTROL NUMBER IDENTIFIER
- control field: OSt
005 - DATE AND TIME OF LATEST TRANSACTION
- control field: 20150511152730.0
008 - FIXED-LENGTH DATA ELEMENTS
- fixed length control field: 150511|| aca||babn | a|a d
040 ## - CATALOGING SOURCE
- Original cataloging agency: OSt
150 ## - HEADING--TOPICAL TERM
- Topical term or geographic name as entry element: Artists’ preparatory studies
448 ## - SEE FROM TRACING--CHRONOLOGICAL TERM
- Chronological term: Preliminary sketches (Art)
448 ## - SEE FROM TRACING--CHRONOLOGICAL TERM
- Chronological term: Preparatory studies (Art)
448 ## - SEE FROM TRACING--CHRONOLOGICAL TERM
- Chronological term: Presentation drawings (Art)
448 ## - SEE FROM TRACING--CHRONOLOGICAL TERM
- Chronological term: Sketches, Preparatory (Art)
448 ## - SEE FROM TRACING--CHRONOLOGICAL TERM
- Chronological term: Working drawings (Art)
550 ## - SEE ALSO FROM TRACING--TOPICAL TERM
- Topical term or geographic name entry element: Art